Euclidean and non-euclidean geometries /

Guardado en:
Detalles Bibliográficos
Autor principal: Greenberg, Marvin J. (autor)
Formato: Libro
Idioma:Inglés
Temas:
Etiquetas: Agrega una etiqueta
Sin etiquetas, Sé el primero en etiquetar este registro!

MARC

LEADER 00000nam^a2200000^a^4500
001 000039507
005 20250521000000.0
009 20260310085545.477
020 |a 0-7167-1103-6 
037 |a Acervo ITESO - Biblioteca 
041 |a ING 
082 |a 516. 2  |b GRE 
100 |a Greenberg, Marvin J.  |e (autor) 
245 1 0 |a Euclidean and non-euclidean geometries /  |c M. J. Greenberg. 
264 |a San Francisco, EUA :  |b W.H. Freeman and Company,  |c 1980 
300 |a 400 p. 
336 |a texto  |b txt  |2 rdacontenido 
337 |a sin mediación  |b n  |2 rdamedio 
338 |a volumen  |b nc  |2 rdasoporte 
649 |a XX 
650 |a Geometría 
650 |a Geometría 
650 |a Geometría No Euclidiana 
910 |a Fondo General 
920 |a Impresos - Libros 
930 |a Colección General 
905 |a 101 
901 |a 0395070100  |b IT1  |c ACC  |i 039507  |u 20250521 
902 |a https://opac.biblio.iteso.mx/vufind/Record/000039507